Quizzes
Events
Quiz Creation
Community
Videos
Private Events
Remove Ads
Sign In
Join for FREE
Feedback
Dark Mode
Quiz Categories
Sports
Geography
Music
Movies
Television
Just For Fun
Miscellaneous
History
Literature
Language
Science
Gaming
Entertainment
Religion
Holiday
For Kids
Quiz Lab
Recent
Popular Today
Quiz Kudos Today
Editor Picks
Curator Picks
Quizzes by...
Day
Popularity
Type
Ratings
Length
Year
Community
Subscriptions
Recent Discussions
Orange Saloon
Badges
Playlists
Quests
Create
Leaderboards
Showdown
Live 5
Trivia Bingo
Activity
Puzzle Library
Sporcle Events
Private Events
Virtual Trivia
Globe League
Become a Host
Pub Owners
SporcleCon
Opinionation
Our Games
Videos
Blog
Mobile Apps
Partnerships
Remove Ads and Go Orange
Feedback
Sports
Athletes
MLB
NBA
NHL
NFL
Soccer
Sports Teams
WWE
NCAA
Football
Premier League
Basketball
Baseball
Hockey
Golf
Tennis
Cricket
Rugby
Auto Racing
Olympics
World Cup
Sports
Athletes
MLB
NBA
NHL
NFL
Soccer
Sports Teams
WWE
NCAA
Football
Premier League
Basketball
Baseball
Hockey
Golf
Tennis
Cricket
Rugby
Auto Racing
Olympics
World Cup
Random Quiz
Search Sporcle
×
Quiz Lab
Quiz Lab
Sports
Baseball
Type in answers that appear in a list
Type in answers that appear in a list
Classic
Best Score? Go Orange.
MLB Active Triples Leaders Stats
Can you name the Active Triples Leaders?
By
SeanMc123
10m
20 Questions
77 Plays
77 Plays
77 Plays
Comments
Comments
Give Quiz Kudos
Give Quiz Kudos
-
- Ratings
hide this ad
More Info
Replay
Link that replays current quiz
Next Quiz
Link to next quiz in quiz playlist
You Got
0%
They Got
Avg Score
58%
Avg Friend Score
Upgrade to see
Score Distribution
Jump to the score distribution portion of the page
Score
0/20
Timer
10:00
0
Plays Today
Triples
Answer
% Correct
57
Kevin Kiermaier
81.8%
63
Charlie Blackmon
80.5%
52
Mike Trout
74%
41
Ketel Marte
67.5%
39
D.J. LeMahieu
64.9%
36
Brandon Belt
58.4%
46
Eduardo Escobar
51.9%
37
Corey Dickerson
51.9%
39
Billy Hamilton
49.4%
39
Jason Heyward
48.1%
Triples
Answer
% Correct
43
Amed Rosario
46.8%
51
Elvis Andrus
45.5%
38
Jose Ramirez
45.5%
47
Jean Segura
44.2%
49
Andrew McCutchen
41.6%
41
Trea Turner
33.3%
44
Brandon Crawford
32.5%
48
David Peralta
29.9%
52
Starling Marte
19.5%
37
Nick Castellanos
15.6%
Quiz Playlist
Details
Report
Send in Message
Add To Playlist
More Info:
Active players in the 2018 season.
Classic:
Type in answers that appear in a list
Quiz Source
Last Updated: Aug 27, 2022
Quiz Scoreboard
CHALLENGE
Sign Up to Join the Scoreboard
Show All
Scores
Hide
Comments
May contain spoilers
Recently Published
NBA Finals Game Top Scorers (2010s)
by flibbidy
Sports
5m
Guess the 'R' Things in 3 Words
by MSUKent
Miscellaneous
3m
Actor to Badly Drawn Movie III
by MoMosMoProblems
Movies
5m
More to Explore
Quiz From the Vault
Featured Blog Post
Where Does Lost Luggage Go?
hide this ad
You Might Also Like...
Tags
Baseball Quiz
MLB Quiz
2016
Active
MLB All-Star
MLB Player
triples
Today's Top Quizzes in Sports
Browse Sports
hide this ad
Today's Top Quizzes in Baseball
Browse Baseball
Top Contributed Quizzes in Sports
1
Les joueurs à 100 buts en Ligue 1 Uber Eats
2
2022 World Cup Stars
3
2024 March Madness Bracket
4
Millionaire: NBA Finals Edition
5
Players with Multiple 50 Home Run Seasons
6
Nickname Match: Athletes VI
7
Criteria MLB: Left Handed Sluggers
8
Iconic Moments in Football - Multiple Choice
9
NFL MVPs ordered
10
First NBA MVP by Team
Explore More
Trending Topics
Anime
Harry Potter
NBA
Crossword
Kpop
Disney
Marvel
Country
NFL
WWE
Pokémon
The Office
Song
Soccer
Puzzle
hide this ad
More By:
SeanMc123
Quiz
Plays
Rating
Category
Featured
Created
MLB Active ERA Leaders
815
4.25
Sports
Dec 27, 2015
MLB Active ERA Leaders
815
4.25
Sports
Dec 27, 2015
US Senators of the 2010's
612
5.00
History
May 26, 2019
US Senators of the 1950s
402
5.00
History
Apr 24, 2018
MLB Active Batting Average Leaders
246
4.75
Sports
Dec 25, 2015
Top Grossing Films of 1977
230
4.33
Movies
Dec 23, 2015
Go to Creator's Profile
Score Distribution
Quiz Creator Spotlight
SeanMc123
Follow
Send a Message
Quizzes Created
-
Created Quiz Play Count
-
More By This Creator
Popular Quizzes Today
1
Find the US States - No Outlines Minefield
2
Find the US States
3
The Countries of the World
4
10 Largest US States in Order
5
Find the Countries of Europe - No Outlines Minefield
6
US States
7
Guess the 'R' Things in 3 Words
8
NBA Finals Game Top Scorers (2010s)
More Sports Quizzes
Formula 1 - Most Championship Leader Changes
Quiz Lab
Trending Quizzes
First Name TV: Leading Men
Match the Book to the Film II
First Name TV: Leading Women Drama
3-Word Movies in 1 Word II
Match the Book to the Film VI
Recently Updated
Women's Final Four Teams by Year
bhenderson79
Presidents Quartet II
eogle
Anything But Clue(do)
eogle
Anything But Oceanian Capitals
eogle
Anything But 7
eogle
Anything But Thing
eogle
Word Ladder: February 29
pecheneg
Song Title Questions
pecheneg
Women's NCAA Tournament #1 Seeds
pecheneg
Celebrity Mug Shots
pecheneg
Trending Topics
NBA
Harry Potter
Anime
Kpop
Disney
Marvel
Crossword
NFL
Soccer
The Office
WWE
Country
Pokémon
Song
Puzzle
Your Account Isn't Verified!
In order to create a playlist on Sporcle, you need to verify the email address you used during registration. Go to your
Sporcle Settings
to finish the process.
Report this User
Report this user for behavior that violates our
Community Guidelines
.
Details:
Send Report
Go to the Sporcle.com Mobile Site →
Comments